[Event "41st Olympiad Women"]
[Site "Tromso"]
[Date "2014.08.05"]
[Round "4.11"]
[WhiteID "3403920"]
[White "Reyes Jara Paula"]
[BlackID "2501171"]
[Black "Ui Laighleis Gearoidin"]
[Result "1-0"]
[LiveChessVersion "1.4.3"]
[BlackElo "1830"]
[WhiteElo "2041"]
[WhiteTeam "CHI"]
[BlackTeam "IRL"]
[WhiteTitle "WFM"]
[BlackTitle "WCM"]

1. e4 e6 2. d4 d5 3. exd5 exd5 4. c4 Nf6 5. Nc3 c6 6. Bd3 Be7 7. Nf3 O-O 8. O-O Re8 9. Re1
Be6 10. Ng5 Bd6 11. Nxe6 Rxe6 12. Rxe6 fxe6 13. Qe2 Qe7 14. Bg5 Nbd7 15. Re1 Re8 16. Qf3 Qf7
17. h3 h6 18. Bh4 Kf8 19. Bg3 Be7 20. Qe2 Bd8 21. Qc2 Kg8 22. Bg6 Qf8 23. Bxe8 Qxe8 24. cxd5
cxd5 25. Qe2 Kf7 26. Nb5 Kg8 27. Qxe6+ Qxe6 28. Rxe6 a6 29. Nc3 Bb6 30. Be5 Kf7 31. Bxf6 Kxe6
32. Bxg7 h5 33. g4 hxg4 34. hxg4 Bd8 35. Kg2 Bg5 36. Ne2 Nb8 37. f4 Be7 38. f5+ Kf7 39. Be5
Nd7 40. Nf4 Bf6 41. Bxf6 Kxf6 42. Nxd5+ Kg5 43. Kf3 Nf8 44. Nf4 Nd7 45. Ne6+ Kf6 46. Nc5 Nb6 47. Nxb7 Na4
48. Nc5 Nxb2 49. Nxa6 Nc4 50. Nc5 Nd2+ 51. Kf4 Nc4 52. g5+ Kf7 53. a4 Ke6 54. Ke4+ 1-0

[Event "41st Olympiad Women"]
[Site "Tromso"]
[Date "2014.08.10"]
[Round "8.32"]
[WhiteID "14400839"]
[White "Boric Elena"]
[BlackID "2501775"]
[Black "Menon Jayadev Poornima"]
[Result "1-0"]
[LiveChessVersion "1.4.3"]
[BlackElo "1935"]
[WhiteElo "2196"]
[WhiteTeam "BIH"]
[BlackTeam "IRL"]
[WhiteTitle "WIM"]
[BlackTitle "WFM"]

1. e4 e6 2. Qe2 c5 3. f4 Nc6 4. Nf3 d6 5. g3 g6 6. Bg2 Bg7 7. O-O Nd4 8. Nxd4 Bxd4+ 9. Kh1
Bg7 10. f5 Qe7 11. Nc3 Nf6 12. Qb5+ Qd7 13. fxe6 fxe614. e5 dxe5 15. Qxc5 Qe7 16. Qxe7+ Kxe7
17. d3 Rb8 18. b3 b6 19. Ba3+ Kd7 20. Ne4 Ne8 21. Rf7+Kd8 22. Be7+ Kd7 23. Bd6+ Kd8 24. Bxb8
Bd7 25. Bxa7 Kc7 26. Bxb6+ Kxb6 27. Rxd7 Bf8 28. a4 Ng729. a5+ Ka6 30. d4 exd4 31. Bf1+ 1-0

[Event "41st Olympiad Women"]
[Site "Tromso"]
[Date "2014.08.10"]
[Round "8.31"]
[WhiteID "2501597"]
[White "Lowry-O`reilly Hannah"]
[BlackID "14400081"]
[Black "Dengler Dijana"]
[Result "0-1"]
[LiveChessVersion "1.4.3"]
[BlackElo "2070"]
[WhiteElo "1731"]
[WhiteTeam "IRL"]
[BlackTeam "BIH"]
[WhiteTitle "WFM"]
[BlackTitle "WFM"]

1. d4 d5 2. c4 c6 3. Nc3 Nf6 4. c5 g6 5. Bg5 Bg7 6. e3 O-O 7. Bd3 Nbd7 8. f4 Ne8 9. Nf3
f6 10. Bh4 b6 11. b4 bxc5 12. bxc5 Qa5 13. Qd2 e5 14. fxe5fxe5 15. Be2 exd4 16. exd4 Nxc5 17. Rc1
Ne6 18. O-O Nf4 19. Bd1 Ba6 20. Nb1 Qxd2 21. Nbxd2 Bxf122. Nxf1 Rc8 23. Ne3 Nf6 24. Ba4 Ne2+ 0-1

[Event "41st Olympiad Women"]
[Site "Tromso"]
[Date "2014.08.10"]
[Round "8.30"]
[WhiteID "14403668"]
[White "Jacimovic Sara"]
[BlackID "2501171"]
[Black "Ui Laighleis Gearoidin"]
[Result "1/2-1/2"]
[LiveChessVersion "1.4.3"]
[BlackElo "1830"]
[WhiteElo "2032"]
[WhiteTeam "BIH"]
[BlackTeam "IRL"]
[BlackTitle "WCM"]

1. d4 d5 2. e3 Nf6 3. c4 e6 4. Nc3 Be7 5. Nf3 O-O6. Bd3 h6 7. O-O b6 8. cxd5 Nxd5
9. Nxd5 Qxd5 10. Qc2 c6 11. Ne5 Bb7 12. f3 Bf6 13. Be4Qd6 14. f4 Bxe5 15. fxe5 Qd7 16. Qf2
Na6 17. Qg3 c5 18. Bb1 Kh8 19. Rf4 f5 20. exf6 Rxf621. Rxf6 gxf6 22. Qh4 Qg7 23. Be4 Bxe4
24. Qxe4 Rg8 25. g3 Qg4 26. Qxg4 Rxg4 27. Bd2 cxd4 28. exd4h5 29. Bc3 Re4 30. d5 e5 31. Kf2
Nc5 32. h3 Rc4 33. Ke3 Nd7 34. Rf1 Kg7 35. Rg1 a536. g4 hxg4 37. Rxg4+ Rxg4 38. hxg4 Kg6
39. Bd2 f5 40. gxf5+ Kxf5 41. Kd3 Nc5+ 42. Kc4 e4 43. Kb5Nd7 44. Bc3 e3 45. Kc6 Ne5+ 46. Kxb6
e2 47. Kc7 a4 48. a3 Kf6 49. Kd6 Kf5 50. Ke7 Ng6+ 51. Ke8Ne5 52. Ke7 Ng6+ 53. Kd6 Ne5 54. Kc7
Kf6 55. Kb6 Ke7 56. Kb5 Kd6 57. Kxa4 Kxd5 58. Kb3 Nd359. Kc2 e1=Q 60. Bxe1 Nxe1+ 61. Kc3 Kc5 62. a4
Nf3 63. b4+ Kb6 64. Kc4 Ne5+ 65. Kd5 Nc6 66. b5 Na567. Kd4 Nb7 68. Kc4 Na5+ 1/2-1/2

[Event "41st Olympiad Women"]
[Site "Tromso"]
[Date "2014.08.10"]
[Round "8.29"]
[WhiteID "1148184"]
[White "Kruk Karina"]
[BlackID "14404591"]
[Black "Topic Aja"]
[Result "1-0"]
[LiveChessVersion "1.4.3"]
[BlackElo "2132"]
[WhiteElo "1795"]
[WhiteTeam "IRL"]
[BlackTeam "BIH"]
[WhiteTitle "WCM"]

1. d4 d5 2. Nf3 e6 3. e3 Nf6 4. Bd3 Be7 5. O-O O-O6. Nbd2 Nbd7 7. b3 b6 8. Bb2 Bb7
9. Ne5 c5 10. f4 Ne4 11. Bxe4 dxe4 12. Nxd7 Qxd7 13. Qg4 f514. Qg3 Bf6 15. Qf2 Rad8 16. c3 e5
17. dxe5 Qxd2 18. exf6 Rxf6 19. c4 Rfd6 20. Be5 Qxf2+ 21. Rxf2Rd3 22. Re1 Bc6 23. h3 g6 24. g4
Rd2 25. g5 R2d3 26. h4 Kf7 27. Kf1 b5 28. Kg1 bxc429. bxc4 R8d7 30. Rb2 Rd2 31. Re2 Rxe2
32. Rxe2 Bb7 33. Rc2 a5 34. Kf2 Ba6 35. Bb2 Rd1 36. Ba3Rh1 37. Kg2 Rxh4 38. Bxc5 h6 39. gxh6
Rxh6 40. Bb6 g5 41. Bxa5 gxf4 42. exf4 Re6 43. Be1 Rc644. c5 Bb5 45. Kf2 Ra6 46. Bb4 Ke6
47. Ke3 Kd5 48. a3 Rh6 49. Rd2+ Kc4 50. Rd4+ Kb3 51. Rd5Rh3+ 52. Kd4 e3 53. Rxf5 e2 54. Re5
Kc2 55. Re3 Rh8 56. c6 Bxc6 57. Rc3+ Kd1 58. Rxc6 Rb859. Re6 Rb5 60. Kc4 Rf5 61. Re4 Rf7
62. Kd3 Rd7+ 63. Ke3 e1=Q+ 64. Bxe1 Kxe1 65. Kf3+ Kd2 66. Re2+Kc3 67. Re3+ Kd4 68. a4 Kc5 69. f5
Rd4 70. Re4 Rd1 71. Kf4 Kd5 72. Re5+ Kd6 73. Re6+ Kd774. a5 Rf1+ 75. Ke5 Kc7 76. Kf6 Kb7
77. Kg6 Rg1+ 78. Kf7 Rg5 79. a6+ Ka7 80. f6 Ka8 81. Ke8Rg8+ 82. Ke7 Rc8 83. f7 Ka7 84. Kf6
Rc5 85. Re7+ Kxa6 1-0